000 00604nam a2200193 4500
001 143929
003 ES-MaACL
005 20230906200916.0
007 t|
008 070214s1972 sp r ||||1| spa d
100 1 _aSharpe, John C.
_9106014
245 1 0 _aTratamiento médico de urgencia /
_cJohn C. Sharpe y Frederick W. Marx ; versión... José Mª Toboso Monge.
250 _a1ª ed.
260 _aBarcelona :
_bToray,
_c1972.
300 _aXV, 832 p. ;
_c24 cm.
700 1 _aMarx, Frederick W.
_978581
700 1 _aToboso Monge, José María.
_9110384
852 _aES-MaACL
_jC-43509
_bR.81159
999 _c143929
_d143929